000 01057nam a2200229Ia 4500
003 Ost
005 20260416102350.0
008 260416s9999||||xx |||||||||||||| ||und||
040 _cfsecg
041 _aara
082 _a301.14
100 _aعزوز، سعيدة
_eمؤلف
245 0 _a نظريات الإعلام والإتصال :
_bالسنة الثالثة اتصال /
_c سعيدة عزوز
260 _aالجزائر
_bجامعة الجزائر3: كلية العلوم الإقتصادية، العلوم التجارية وعلوم التسيير
_c2018
300 _a111 ورقة
_c30 سم
504 _aمراجع ص.103
520 _aتحديد بعض المفاهيم الاولية و نشأة نظريات الاعلام و الاتصال و تأثيرات وسائل الاتصال .
653 _aالاتصال
653 _aالاعلام
710 _aجامعة الجزائر3: كلية العلوم الإقتصادية، العلوم التجارية وعلوم التسيير
_eناشر علمي
942 _cHANDOUT
999 _c40968
_d40968